Countries Closest to Serbia - 15 Second Sprint - Statistics

General Stats
  • This quiz has been taken 146 times
    130 since last reset
  • The average score is 6 of 20
Answer Stats
km country miles % Correct
0 Croatia 0
76%
0 Bosnia and Herzegovina 0
69%
0 Romania 0
62%
0 Bulgaria 0
53%
0 Kosovo 0
52%
0 Montenegro 0
49%
0 Macedonia 0
48%
38 Albania 24
45%
0 Hungary 0
39%
114 Greece 71
36%
187 Slovenia 116
24%
435 Moldova 270
15%
313 Turkey 195
14%
189 Slovakia 117
11%
284 Ukraine 177
11%
485 Germany 301
8%
311 Italy 193
7%
218 Austria 136
6%
334 Poland 208
5%
333 Czechia 207
3%
No matching quizzes found
Score Distribution
Percent of People with Each Score
Percentile by Number Answered
Your Score History
You have not taken this quiz since the last reset